[Event "CRO-ch"]
[Site "Pula"]
[Date "2000.01.07"]
[Round "1"]
[White "Zelcic, Robert"]
[Black "Golubovic, Boris"]
[Result "0-1"]
[WhiteElo "2561"]
[BlackElo "2457"]
[Annotator "Mikhalevski,V"]
[PlyCount "114"]
[EventDate "2000.01.07"]
[EventType "tourn"]
[EventRounds "13"]
[EventCountry "CRO"]
[EventCategory "8"]
[SourceTitle "CBM 075"]
[Source "ChessBase"]
[SourceDate "2000.04.05"]
[SourceVersion "1"]
[SourceVersionDate "2000.04.05"]
[SourceQuality "1"]

1. e4 e5 2. Nf3 Nf6 3. Nc3 Nc6 4. d4 exd4 5. Nxd4 Bb4 6. Nxc6 bxc6 7. Bd3 d5 8.
exd5 cxd5 9. O-O O-O 10. Bg5 c6 11. Ne2 h6 12. Bh4 Bd6 13. Nd4 c5 14. Nf5 (14.
Nb5 $5 {Jussupow}) (14. Nf3 Bg4 15. h3 Bh5 16. Re1 {Uhlmann}) 14... Bxf5 (14...
Be5 15. c3 $10 {Ljubojevic-Nikolic,Pr/Wijk/1988/}) 15. Bxf5 Rb8 16. b3 $2 {
Jussupow.It's difficult to believe that Zelcic didn't see the game
Lutz-Jussupow,Munich 1992(see below) and Jussupow's comments in CBM 30.Maybe
he had his own opinion concerning the evaluation of this position.Anyway this
game just confirmed the Jussupow's evaluation and I don't think white will
want to repeat this line once again.} (16. Rb1 {Jussupow} Rb4 17. Bg3 $10 {/\c3
}) (16. Bxf6 {Jussupow} Qxf6 17. Qxd5 Rfd8 18. Qf3 Be5 19. Rad1 $15 (19. Be4
Qxf3 20. Bxf3 Rxb2 $17 (20... Rd2 $17))) 16... Be5 (16... Rb4) 17. Bg3 $146 {
Maybe playing 16.b3 White had in mind this idea?} ({As other games had showed
17.Rc1 and 17.Rb1 are not better:} 17. Rc1 Qd6 18. Bg3 Bxg3 19. hxg3 Rfe8 {
Zhelnin-Balashov,RUS-Cup02 Moscow(38) CBM63[Mikhalevski,V] The position is
similar to Jussupow's game.See 17.Rb1}) (17. Rb1 Qd6 18. Bg3 $6 {Jussupow} (18.
Bxf6 {Jussupow} Qxf6 (18... Bxh2+ 19. Kh1 Qxf6 20. Qxd5 Be5 $15) 19. Qf3 $15)
18... Bxg3 19. hxg3 Rfe8 $17 {Jussupow ><f5; <->e 0-1 Lutz-Jussupow,Munich
1992(60)/CBM30[Jussupow]} (19... g6 20. Bd3 Rfe8 21. Qd2 c4 22. Bxc4 Ne4 23.
Qxd5 Qxd5 24. Bxd5 Nc3 25. Bc4 Nxb1 26. Rxb1 $13 {/= 0-1 Baum,B-Teschner,R/
Germany 1991/EXT 97-B (55)}) (19... Qe5 {Jussupow} 20. Bd3 (20. Qf3 Rfe8 $17)
20... Rfe8 $17)) 17... Bxa1 ({In case of} 17... Bxg3 $5 18. hxg3 {White gets a
position from above-mentioned games with an extra tempi.Despite this fact
Black is still a bit better as he can take the e-file under control.For example
} Re8 19. Re1 Qd6 {[%cal Ge8e1,Gb8e8]} 20. Qf3 Re5 $15 {[%cal Gb8e8]}) 18. Bxb8
Qxb8 19. Qxa1 Qf4 20. Bd3 c4 21. Be2 Qd2 22. Qd1 ({A temporary pawn sacrifice} 
22. Bf3 $6 {doesn't allow to reach full equality:} Qxc2 23. Rc1 Qd3 24. Rd1 Qf5
25. bxc4 dxc4 26. Qd4 Rc8 27. Qxa7 c3 $15 {[%csl Gc3] and a strong pass pawn
supported by a rook secure minimal advantage.}) 22... Qc3 23. h3 (23. Bf3 d4
24. Re1 d3 25. cxd3 cxd3 $15 {[%csl Gd3]}) 23... Re8 $1 24. Bf3 d4 25. Be2 $2 {
This natural move is a serious mistake.White has probably missed strong
Black's answer.Otherwise he would play 25.bc!?} (25. bxc4 $5 Qxc4 26. Qd2 a6 {
[%cal Gc4a2]} 27. a3 {with the most likely draw.}) 25... Ne4 $1 {[%mdl 64] An
important resource.Suddenly White finds himself in a very unpleasant position.
In case of 25...cb White has no problems.} 26. Qa1 (26. Bxc4 Nd2 27. Qh5 Nxc4
28. bxc4 Qxc4 29. Qg4 $1 Rd8 $1 (29... Qxc2 30. Qxd4 Qxa2 31. Ra1 $11) 30. Qh4
f6 $17 {[%csl Ra2,Rc2] and White loses a pawn}) (26. bxc4 Nd2 27. Re1 Nxc4 $17
{[%csl Re1][%cal Ge8e1] and White is in a big trouble.}) (26. Re1 {was
probably the most stubborn defence,however after} cxb3 $1 (26... Nd2 27. Kh1 $1
(27. bxc4 Nxc4 {see 26.bc})) 27. axb3 Nd2 $1 28. Kh1 Nxb3 $1 29. cxb3 d3 30.
Kg1 a5 $1 $19 {and then taking twice on e2 Black wins a b-pawn and gets
technically winning position.} 31. Kf1 $140 $2 d2) 26... cxb3 $6 {
Miscalculation.} (26... Ng3 27. fxg3 Qxa1 28. Rxa1 Rxe2 29. Rd1 $1 Rxc2 30.
Rxd4 $11) ({After} 26... Qxc2 $1 27. Bxc4 d3 {the d-pawn decides the fate of
the game.For example:} 28. Qd4 (28. Qd1 Rd8 $1 29. Qf3 d2 $1 30. Bxf7+ Kh8 31.
Bh5 Nc3 $19 {[%cal Gd2d1]}) 28... d2 29. b4 (29. Qd7 Nf6 30. Qd3 Qxd3 31. Bxd3
Re1 32. Bc2 Ne4 $19 {[%cal Ge4c3]}) 29... Qc1 30. Qd7 Nf6 $1 31. Qd3 Re1 32.
Bb3 Nd5 $1 {[%cal Ge1f1,Gd5c3] /\R:f1 followed by Nc3 and Black wins}) 27. axb3
$8 (27. cxb3 $2 Nd2 28. Qxc3 dxc3 29. Re1 c2 $19 {[%cal Ge8e2]}) 27... Ng3 $5 (
{Now} 27... Qxc2 $5 28. Bc4 d3 {is not as strong as in previous case as the a2
pawn doesn't allow} 29. Qxa7 {[%csl Rf7] however after} Rf8 {Black is still
better:} 30. Bxf7+ Rxf7 31. Qa8+ Rf8 32. Qd5+ $1 Kh8 33. Qxe4 Qxb3 $15) 28. Bb5
$1 {Perhaps playing 26...cb Black has missed this intermediate move.} Nxf1 29.
Qxc3 dxc3 30. Bxe8 Nd2 {[%cal Gd2b3][%mdl 4096] Fortunately for Black his
chances in the arised endgame are better thanks to the fixed weakness on c2.}
31. Ba4 $8 (31. b4 {is dangerous as black king comes to the queen side very
quickly.}) 31... Kf8 32. f3 $6 {I don't like this move.White pawns must occupy
opposite to the colour of their bishop squares.Such an imperceptible
inaccuracy can sometimes be decisive.} (32. f4 {Seems to be the right way.})
32... Ke7 33. Kf2 Kd6 34. Ke3 Kc5 35. Be8 (35. f4 $5) 35... f6 ({Wild} 35...
Nxb3 {doesn't work in view of} 36. cxb3 Kb4 37. Ba4 $1 (37. Bxf7 $5 Ka3 38. Bg6
$8 Kxb3 39. Ke2 a5 40. Kd1 {White is just in time to meet 40...a4 with 41.Bc2}
Kb2 41. Bc2) 37... Ka3 38. Kd3 Kb2 39. b4) 36. Bf7 (36. Kd3 Kb4 37. f4 $4 {
loses to} Nxb3 $1 38. cxb3 Kxb3 39. Bg6 Kb2 $1 40. Kc4 c2 $19) 36... Kb4 37.
Kd3 Nb1 $1 {[%cal Gb4a3,Ga3b2] Preparing Kb4-a3-b2 followed by Na3} (37... g5
$5 {Fixing white pawns on the white squares.}) 38. Ke2 Ka3 39. Kd3 (39. Bg6 {
was the last chance in order to prevent winning manoeuvre(see 39...a5) by
means of 40.Bd3}) 39... Kb2 $2 ({Preparatory} 39... a5 $1 {[%csl Rb3,Rc2]
fixing the b3 pawn was necessary} 40. Bg6 Kb2 {[%cal Gb1a3]} 41. Ke2 Nd2 $1 {
[%cal Gd2b3]} (41... Na3 42. Kd1) 42. Kd1 f5 $3 {[%cal Gd2b3]} 43. Bxf5 {
Otherwise N:b3 and the a-pawn decides the game.} Nf1 $1 {[%cal Gf1e3] winning
as White can't prevent a loss of the c2 pawn.} 44. Ke2 $140 Ng3+ {[%cal Rg3f5,
Rg3e2]}) 40. b4 g5 $1 {[%csl Rf3,Rh3]} 41. g4 (41. g3 $142) 41... Na3 {All
following moves were made with the only porpose:to allow White making a
decisive mistake as Black can't win the position without White's help.} 42. Bb3
Nb5 43. Ba4 Nd6 44. Bb3 Nc8 45. Bd5 Nd6 46. Be6 Nb5 47. Bb3 Na3 48. Ba4 Nb1 49.
Bb3 $2 {Very unfortunate place for the white bishop.Because of this bishop
White loses after 49...Ka3} (49. Bc6 $142 $11) 49... Nd2 $2 (49... Ka3 $1 $19 {
see 53...Ka3!}) 50. Bd5 Nf1 51. Be4 Nd2 52. Bd5 Nb1 53. Bb3 $2 (53. Bc6 $142
$11) 53... Ka3 $1 {Finally Black finds a drawback of 53.Bb3 and wins.} 54. Kc4
(54. b5 Kb4 $19 {[%cal Gb1a3]}) 54... a6 $1 {[%csl Rb3] Suddenly White finds
himself in a Zugzwang.Game is over.} 55. Kc5 Kb2 56. Kb6 (56. Kd4 Nd2 $19 {
[%csl Rc2,Rf3,Rh3]}) 56... Na3 57. Kxa6 Nxc2 ({White resigned in view of the
following variation:} 57... Nxc2 58. Bxc2 (58. Ba4 Nxb4+ 59. Kb5 c2 $19 {
[%csl Rf3,Rh3]}) 58... Kxc2 59. b5 Kd3 60. b6 c2 61. b7 c1=Q 62. b8=Q Qa3+ 63.
Kb6 Qb4+ 64. Kc7 Qxb8+ 65. Kxb8 Ke3 $19) 0-1

[Event "Hoogovens-B"]
[Site "Wijk aan Zee"]
[Date "1998.01.27"]
[Round "7"]
[White "Blees, Albert"]
[Black "Alterman, Boris"]
[Result "1-0"]
[WhiteElo "2445"]
[BlackElo "2615"]
[Annotator "Mikhalevski,V"]
[PlyCount "121"]
[EventDate "1998.01.20"]
[EventType "tourn"]
[EventRounds "11"]
[EventCountry "NED"]
[EventCategory "10"]
[SourceTitle "CBM 063"]
[Source "ChessBase"]
[SourceDate "1998.03.26"]
[SourceVersion "1"]
[SourceVersionDate "1998.03.26"]
[SourceQuality "1"]

1. e4 {Hecht} e5 2. Nf3 Nf6 3. Nc3 Nc6 4. Be2 (4. Bb5) 4... Bb4 (4... d5) 5.
Nd5 (5. O-O) 5... Ba5 (5... Nxe4 6. Nxb4 Nxb4 7. d3 Nf6 8. Nxe5 Qe7 9. Nf3 O-O
10. O-O h6 11. Re1 d5 12. Bf1 Be6 13. Nd4 Qd7 14. Nxe6 fxe6 15. g3 Rae8 16. d4
Nc6 17. f4 Ne7 18. Bd3 Nf5 19. c3 Nd6 20. Bd2 Nfe4 21. Rc1 Qf7 22. Be3 b5 23.
Rc2 Rc8 24. Rg2 c5 25. dxc5 Nxc5 26. Bxc5 Rxc5 27. Qg4 Nf5 28. Rge2 d4 29. Rxe6
dxc3 30. bxc3 Rxc3 31. Bxf5 Qxf5 32. Qxf5 Rxf5 33. Ra6 {1/2-1/2 Blackburne,
J-Marco,G/Ostende 1905}) (5... Be7 6. d3 d6 7. Nxe7 Qxe7 8. O-O (8. Bg5 h6 9.
Bh4 Bg4 10. h3 Bxf3 11. Bxf3 g5 12. Bg3 Nd4 13. c3 Nxf3+ 14. Qxf3 O-O-O 15.
O-O-O Kb8 16. Rhe1 Nd7 17. d4 f6 18. Kb1 Nf8 19. Rd2 Ng6 20. Red1 Rdg8 21. Qe3
Nf4 22. f3 b6 23. Bxf4 gxf4 24. Qd3 Rg3 25. Rc1 Rhg8 26. Rcc2 R8g5 27. dxe5
fxe5 28. c4 Qe6 29. Rf2 Qg8 30. Qe2 Rg7 31. b3 R7g6 32. Kb2 Qe8 33. Qd3 Qg8 34.
Qf1 Qe8 35. Rcd2 Kb7 36. a3 a5 {1/2-1/2 Mullor,L-Beade,C/Alicante op2 1989})
8... O-O 9. Bg5 h6 10. Bh4 g5 11. Nxg5 hxg5 12. Bxg5 Qe6 13. f4 exf4 14. Rxf4
Nh7 15. Bg4 Qg6 16. Bf5 Bxf5 17. exf5 Qg7 18. f6 Qg6 19. Bh4 Kh8 20. d4 Rg8 21.
Qf3 Rae8 22. c3 Re3 23. Qf1 Re4 24. Rxe4 Qxe4 25. Bg3 Qe3+ 26. Kh1 Qg5 27. Qd3
Nxf6 28. Rf1 Nh5 29. Rxf7 Nxg3+ 30. hxg3 Qh5+ {0-1 Blackburne,J-Tarrasch,S/
Ostende 1905}) 6. O-O O-O (6... d6 7. d3 (7. d4 h6 8. b4 Nxb4 9. Nxf6+ Qxf6 10.
dxe5 dxe5 11. Bb2 Nc6 12. Nxe5 Nxe5 13. Qd5 Bc3 14. Bxc3 Nf3+ 15. Bxf3 Qxc3 16.
Qb3 Qc5 17. a3 O-O 18. Rad1 a5 19. Rd5 Qe7 20. Qc3 a4 21. e5 Be6 22. Rb5 c6 23.
Rb4 Rfd8 24. Rfb1 Rd7 25. h3 Ra7 26. Be4 Bd5 27. f4 c5 28. Qf3 cxb4 29. Bxd5
Qc5+ {0-1 Brendel,O-Kolev,A/Groningen op 1990}) 7... Nxd5 8. exd5 Ne7 9. c4 O-O
10. d4 exd4 11. Nxd4 Bb6 12. Bg5 h6 13. Be3 Ng6 14. Qd2 Re8 15. Rae1 Qf6 16. b3
Bd7 17. Bd1 Nh4 18. Nf3 Nf5 19. Bxb6 axb6 20. a4 Kf8 21. Bc2 Qb2 22. Rb1 Qf6
23. Rbe1 Rac8 24. h3 Ne7 25. Qd4 Qxd4 26. Nxd4 c6 27. dxc6 bxc6 28. Re3 d5 29.
Rfe1 c5 30. Nb5 d4 31. R3e2 {Mullor,L-Lane,G/Benidorm op 1989/1/2-1/2 (65)}) (
6... Nxe4 7. d4 d6 8. Bd3 Nf6 9. Bg5 Be6 10. c4 exd4 11. Qa4 Bb6 12. Rae1 h6
13. Bh4 Kf8 14. Nxf6 gxf6 15. Qd1 Bg4 16. Re4 Ne5 17. Rxg4 Nxg4 18. Nd2 Rg8 19.
Bf5 Ne3 20. fxe3 dxe3 21. Kh1 exd2 22. Qxd2 Rg5 23. Bxg5 hxg5 24. h4 Kg7 25.
hxg5 fxg5 26. Bh3 Qe7 27. Qc3+ Qe5 28. Qf3 f6 29. Qxb7 Rh8 30. Qc6 Kg6 31. Qf3
Rh4 32. g4 Kg7 33. b3 f5 34. Kg2 f4 35. Rd1 Rh6 36. Rd5 Qb2+ 37. Kf1 Qc1+ {
0-1 Brendel,O-Sandor,C/BL9495 1995}) 7. d4 Nxd5 (7... Nxe4 $5) 8. exd5 Nxd4 9.
Nxd4 exd4 10. Qxd4 Bb6 $6 (10... Re8 $5) 11. Qf4 d6 12. Re1 Bd7 $6 (12... Qe7
$1 13. Bd2 (13. c4 Ba5) 13... Qe5) 13. Bd2 Qf6 (13... Re8 14. Bd3 Rxe1+ 15.
Rxe1 Qf8 16. Qh4 $16) 14. Qxf6 gxf6 15. Bc3 f5 16. a4 a6 (16... a5 17. Bb5) 17.
a5 Ba7 18. Bf6 Rfe8 19. Bd3 h6 20. h4 Kf8 21. c3 Rac8 22. h5 (22. g3 $5) 22...
f4 $1 (22... c6 23. dxc6 Rxc6 24. Rxe8+ Kxe8 25. Re1+ $16) 23. Kf1 c6 (23...
Bg4 24. Rxe8+ Rxe8 25. Ra4 Bxh5 26. Rxf4 $16) 24. Rxe8+ Rxe8 25. Ra4 f3 26.
gxf3 cxd5 27. Rb4 Bh3+ 28. Kg1 Bc8 29. Kg2 Bc5 (29... Re1) 30. Rf4 Re1 31. b4
Ba7 32. Bf5 Be6 33. Bh4 Bxf5 34. Rxf5 {[#] Hecht: Beiderseitige
Bauernschwächen, weißer Raumvorteil, schlechter schwarzer Läufer.
Freibauernrennen.} d4 35. c4 Re6 $2 (35... Re5 $1 36. Rf6 (36. Rxe5 dxe5 37.
Kf1 (37. Bf6 $2 d3 38. Kf1 Bd4 39. f4 Bc3) 37... f5 38. Bf6 Bb8 (38... e4 $2
39. fxe4 fxe4 40. Be5 d3 41. c5 Kf7 42. Bf4 Kf6 $8 43. Bxh6 Bb8) 39. f4 (39.
Ke2 Kf7) 39... e4 40. Bxd4 Bxf4 $11) 36... Rxh5 (36... Re6 $2 37. Kf1 Kg7 (
37... Ke8 38. Rf5) 38. Rf5 $16) 37. Bg3 (37. Kh3 $4 d3 38. Kg4 (38. Rxd6 Bxf2)
38... Rd5 $1 39. cxd5 d2 $19) 37... Bb8 38. Rf4 (38. c5 $2 d3 39. Bxd6+ Kg7)
38... Ba7 39. Rf6 Bb8 $11) 36. Rd5 $16 f6 37. f4 Ke7 38. Bg3 d3 39. f5 $2 (39.
Kf3 $1 Re1 40. f5 $18) 39... Re4 40. Bxd6+ Ke8 41. c5 Rxb4 42. Rxd3 Rb5 43.
Re3+ Kd8 44. Be7+ Kd7 45. Bxf6 Bxc5 46. Rd3+ Ke8 47. f4 Rxa5 48. Rd8+ Kf7 49.
Be5 Rb5 50. Rd7+ Ke8 51. Rc7 a5 52. Kf3 a4 53. f6 Bf8 (53... a3 {Hecht} 54. f7+
Kd8 55. Rxc5 Rxc5 56. Bd6 Rf5 57. f8=Q+ Rxf8 58. Bxf8 a2 59. Bg7 $18) 54. Ke4
a3 55. Kf5 Rb1 (55... a2 {Hecht} 56. Rc8+ Kf7 57. Ra8 Rb1 58. Rxa2 Rh1 59. Rb2
Rxh5+ 60. Ke4 Rh1 61. Rxb7+ Kg6 62. f5+ Kh5 63. Rb8 $18) 56. Bd4 Kd8 $6 (56...
a2 $1 57. Rc8+ Kf7 58. Ra8 Rh1 59. Rxa2 Rxh5+ 60. Ke4 $14) 57. Rc2 b5 $2 (57...
Rd1 $5) 58. f7 $1 $18 b4 (58... Rh1 59. Bb6+ Ke7 60. Rc7+ Kd6 61. Rc8 a2 62.
Rxf8 a1=Q 63. Rd8+ Kc6 64. f8=Q Qb1+ 65. Kf6 Qb2+ 66. Bd4 $18) 59. Bc5 Bg7 (
59... a2 60. Bxf8 $1 a1=Q 61. Bxb4 $18) (59... Bxc5 {Hecht} 60. Rxc5 Ke7 61.
Rc7+ Kf8 62. Kf6 $18) 60. Kg6 b3 61. Kxg7 1-0

[Event "ARG-ch"]
[Site "Buenos Aires"]
[Date "1998.04.19"]
[Round "4"]
[White "Gomez Baillo, Jorge H"]
[Black "Ginzburg, Maximiliano"]
[Result "1/2-1/2"]
[WhiteElo "2440"]
[BlackElo "2470"]
[Annotator "Mikhalevski,V"]
[PlyCount "41"]
[EventDate "1998.04.15"]
[EventType "tourn"]
[EventRounds "15"]
[EventCountry "ARG"]
[EventCategory "9"]
[SourceTitle "CBM 065"]
[Source "ChessBase"]
[SourceDate "1998.08.06"]
[SourceVersion "1"]
[SourceVersionDate "1998.08.06"]
[SourceQuality "1"]

1. e4 e5 2. Nf3 Nf6 3. Nc3 Nc6 4. g3 Bc5 5. Bg2 d6 6. O-O {Black tried almost
all possible moves in this position,but Ginzburg find one more.} h5 $6 $146 (
6... O-O 7. d3 Bg4 (7... Nd4 8. Bg5 c6 9. Na4 Nxf3+ 10. Qxf3 Bb4 11. c3 Ba5 12.
b4 Bc7 13. Nb2 h6 14. Bxf6 Qxf6 15. Qxf6 gxf6 16. a4 f5 17. Bh3 fxe4 18. Bxc8
Raxc8 19. dxe4 f5 20. f3 a5 21. Kg2 Kg7 22. exf5 Rxf5 23. g4 Rf6 24. Nc4 axb4
25. cxb4 Rf4 26. Ne3 Rxb4 27. Rfb1 Rxb1 28. Rxb1 Rb8 29. Nf5+ Kh7 30. a5 d5 31.
Ne7 Kg7 32. a6 {Durup,R-Baudot,D/WchJ 1986/1/2-1/2 (59)}) (7... a6 8. h3 Be6 (
8... h6 9. Nh4 (9. Kh2 Ba7 10. Be3 Nd4 11. Bxd4 exd4 12. Ne2 c5 13. Nd2 Kh8 14.
f4 d5 15. c4 dxc3 16. Nxc3 d4 17. Ne2 b5 18. b3 Bb7 19. g4 Rc8 20. Ng3 Bb8 21.
Kg1 Ng8 22. Rc1 g6 23. Qe1 Ne7 24. Rf2 f6 25. Rc2 g5 26. Nh5 Ng6 27. Qc1 Nxf4
28. Nxf4 Bxf4 29. Rxf4 gxf4 30. Rxc5 Qd6 31. b4 Rxc5 32. bxc5 Rc8 33. Nb3 Qe5 {
Raaste,E-Norri,J/FIN-ch 1996/0-1 (47)}) 9... Nd4 10. Kh1 c6 11. Ne2 d5 12. Nxd4
Bxd4 13. Qf3 dxe4 14. dxe4 a5 15. c3 Bc5 16. Nf5 Bxf5 17. Qxf5 Re8 18. Qf3 Qe7
19. Be3 Rad8 20. Rfd1 Bxe3 21. Qxe3 Rxd1+ 22. Rxd1 Rd8 23. Bf3 Rxd1+ 24. Bxd1
Nd7 25. Kg2 Nc5 26. Bc2 Qd6 27. h4 Kf8 28. f4 Ke7 29. f5 b6 30. g4 f6 31. Kf2
Kd8 32. Ke2 Kc7 33. Bb3 Qd8 34. Bc2 Qg8 35. b3 a4 36. c4 axb3 37. axb3 Qa8 38.
b4 Qa2 39. Kd2 Na6 40. Qc3 c5 41. bxc5 Nxc5 42. Kd1 Qa5 43. Qb2 Qa8 44. Qc3
Nxe4 45. Qf3 Qd8+ 46. Kc1 Qd2+ 47. Kb1 Nc5 48. Qg3 Qb4+ {0-1 Vega Holm,F-Eslon,
J/Ceuta-B 1993}) 9. Kh2 h6 10. a3 Kh8 11. Qe1 Re8 12. b4 Ba7 13. Rb1 d5 14.
exd5 Nxd5 15. Nxe5 Nxe5 16. Qxe5 f6 17. Qh5 Nxc3 18. Bxh6 Kg8 19. Rbe1 c6 20.
Bd2 Nb5 21. c4 Nd4 22. Bc3 Qd7 23. Re4 Bf7 24. Qg4 f5 25. Rxd4 Bxd4 26. Qxd4
Qxd4 27. Bxd4 Rad8 28. Bc5 Rxd3 29. Rc1 Rxa3 30. Rd1 Bxc4 31. Rd7 Rd3 32. Rxb7
Bd5 33. Ra7 Bxg2 34. Kxg2 Re6 35. Rxa6 Kf7 36. Ra7+ Kf6 37. h4 g6 38. Rc7 Ke5
39. h5 gxh5 40. Rh7 Rg6 41. Rxh5 Ke6 {1/2-1/2 Finkel,A-Lukacs,P/Budapest FS06
GM 1995}) (7... h6 8. Na4 Bb6 9. Nxb6 axb6 10. h3 Be6 11. a3 Qd7 12. Kh2 Kh7
13. d4 exd4 14. Nxd4 Nxd4 15. Qxd4 Ra4 16. Qd1 Ra5 17. f4 Bc4 18. Re1 Re8 19.
b3 Bb5 20. Bd2 Raa8 21. Bc3 Qd8 22. g4 Bc6 23. Qd4 Re6 24. Bf3 Qf8 25. Qd3 Kh8
26. f5 Ree8 27. Bxf6 gxf6 28. Qd2 Kh7 29. h4 Qe7 30. Qf4 Rg8 31. Rg1 Rae8 32.
Rae1 Ra8 33. a4 b5 34. axb5 Bxb5 35. Rd1 Bc6 36. Rd2 Ra5 37. Re2 Re5 38. Rg3 b6
39. c4 Bb7 {1/2-1/2 Fanouraki,N-David,G/EU-chJW U16 1997}) 8. h3 Be6 9. Na4 Bb6
10. Nxb6 axb6 11. Ng5 Bd7 12. f4 h6 13. Nf3 Re8 14. g4 Nh7 15. a3 Qc8 16. Kh2
Qd8 17. Rg1 Nd4 18. Nxd4 exd4 19. Qe1 c5 20. Qg3 Bc6 21. Bd2 Rc8 22. g5 hxg5
23. fxg5 Nf8 24. Raf1 Ng6 25. h4 Ne5 26. h5 Bd7 27. Rf4 c4 28. Bf1 Bb5 29. g6
f6 30. h6 cxd3 31. cxd3 Rc2 32. Rg2 d5 33. hxg7 Kxg7 34. Rh4 dxe4 35. Rh7+ Kg8
36. Qh3 Nf3+ 37. Kh1 f5 38. Bf4 Rxg2 39. Rh8+ Kg7 40. Qh7+ {1-0 Kovalev,A-Kepp,
E/Schwaebisch Gmuend op 1994}) (6... Bg4 7. h3 Bxf3 8. Qxf3 a6 9. d3 Nd4 10.
Qd1 c6 11. Ne2 O-O 12. Nxd4 Bxd4 13. c3 Ba7 14. Kh2 Qe7 15. f4 Ne8 16. f5 f6
17. g4 Rd8 18. h4 Kh8 19. g5 fxg5 20. hxg5 d5 21. Qh5 Rd6 22. Bd2 Kg8 23. Rae1
dxe4 24. Bxe4 Rd7 25. Rf3 g6 26. fxg6 Rxf3 27. Bxf3 Rxd3 28. gxh7+ Kh8 29. Bf4
Ng7 30. Qg4 Bb8 31. Kg2 Rd8 32. g6 Qc5 33. Bh6 Qb5 34. Rd1 Qxb2+ 35. Kh3 Rf8
36. Bxg7+ Kxg7 37. Rd7+ {1-0 Lezcano Jaen,P-Gonzalez,G/Las Palmas-D 1994}) (
6... a6 7. d3 h6 8. Be3 Be6 9. h3 Qd7 10. Kh2 Nd4 11. Bxd4 Bxd4 12. Nxd4 exd4
13. Ne2 c5 14. f4 g6 15. c3 dxc3 16. Nxc3 Qc7 17. d4 O-O-O 18. d5 Bd7 19. Rc1
h5 {[#]} 20. e5 Ne8 21. Ne4 Bf5 22. exd6 Qb6 23. Nxc5 Kb8 24. Qd4 Qxd6 25. Qxh8
Nf6 26. Qg7 {1-0 Reefschlaeger,H-Nickl,K/Velden op 1996}) (6... Be6 7. d3 a6 8.
Be3 Bxe3 9. fxe3 Ne7 10. h3 Ng6 11. Qe1 c6 12. Kh2 h6 13. a4 O-O 14. a5 d5 15.
Nd2 Qe7 16. Ra4 Rad8 17. Qf2 dxe4 18. Ndxe4 Nxe4 19. Bxe4 f5 20. Bg2 Qc7 21.
Qe1 Rf6 22. Ne2 Rdf8 23. b3 Ne7 24. Nc3 Kh8 25. Kh1 g5 26. Ra1 Ng6 27. Qe2 e4
28. Qe1 exd3 29. cxd3 Bxb3 30. Ne2 Qe5 31. Qc3 {Slobodjan,R-Sokolov,I/Nussloch
1996/0-1 (42)}) (6... h6 7. d3 Bg4 8. h3 Be6 9. Kh2 g5 10. Nd2 d5 11. exd5 Nxd5
12. Nb3 Be7 13. Ne4 O-O 14. Nec5 Bc8 15. Qf3 Nf6 16. Ne4 Nh7 17. Nec5 a5 18. a4
Kg7 19. Qe2 Re8 20. Qd2 f5 21. Qc3 Qd6 22. Qc4 Nf6 23. f4 exf4 24. gxf4 b6 25.
Qb5 Na7 26. Qc4 c6 27. Kh1 g4 28. Ne4 fxe4 29. dxe4 Qb4 30. Qe2 Be6 31. Bd2 Qc4
32. Qe3 Rad8 33. Bc3 Bb4 34. Rg1 Bxc3 35. bxc3 Bf5 36. Qxb6 Nc8 37. Qxa5 Bxe4
38. Nd4 Qd5 39. Qxd5 Rxd5 40. Bxe4 {0-1 Fietz,H-Galdunts,S/Badenweiler op 1994}
) 7. h3 {Most logical answer.} Be6 8. d3 Qd7 9. Ng5 (9. Kh2 $6 h4 $5 10. Nxh4 (
10. g4 $2 Bxg4 11. hxg4 Nxg4+ 12. Kg1 h3 13. Bh1 h2+ 14. Kg2 $140 Nxf2 $1 $19 {
[%cal Gd7h3]}) 10... O-O-O $44 {[%cal Gh8h3]}) 9... h4 10. g4 O-O-O 11. Nd5 Ne7
(11... Nh7 12. Nxh7 Rxh7 13. c3 $40 {[%cal Gb2b4,Ga2a4]}) 12. b4 Bb6 (12... Bd4
$6 13. c3 Bb6 $8 (13... Bxd5 $2 14. cxd4 $18) (13... Nexd5 $2 14. exd5 $18 {
[%csl Rd4,Re6]})) (12... Bxd5 $2 13. exd5 {[%csl Rf7]}) 13. Nxb6+ cxb6 (13...
axb6 14. a4 {[%cal Gb4b5,Ga4a5,Gc2c4]}) 14. c4 $16 {[%csl Rc8][%cal Gb4b5,
Ga2a4,Ga4a5]} Ng6 (14... Nc6 $5 {[%csl Rd4]}) 15. a4 Kb8 16. Be3 Ne8 17. b5 $18
{.Black doesn't have any counterplay and White has to win by sraight attack.}
Nc7 18. f4 $4 ({Why to change strong bishop?Why not simple} 18. a5 {?For
instance:} bxa5 19. b6 $1 (19. Rxa5 $5 b6 20. Ra2 {[%cal Gd1d2,Gf1a1,Gd1a4]})
19... axb6 20. Bxb6 {with obvious matting attack.}) 18... exf4 (18... Nxf4 19.
a5 $1) 19. Bxf4 $6 (19. Bf2 $142 $1 {and Black is still in big danger.}) 19...
Nxf4 20. Rxf4 Qe7 21. Nxe6 (21. Nxe6 fxe6 $1 (21... Nxe6 $143 22. Rf2) 22. a5
e5 23. Rf2 Ne6 {[%csl Rc5,Rd4,Rf4,Rg5][%cal Gb8c7] and Black get strong
counterplay.}) (21. Nf3 $2 g5 {[%csl Rf4]}) 1/2-1/2